| 000 | 01303ngm a22004570a 4500 | ||
|---|---|---|---|
| 001 | PT37406 | ||
| 003 | AR-LpoUNG | ||
| 005 | 20210201232328.0 | ||
| 007 | co ||u|||uuuuu | ||
| 008 | 191001s2003||||ag |||||||||||||||||spa d | ||
| 040 |
_aAR-LpoUNG _bspa _cAR-LpoUNG _eaacr |
||
| 041 | _aspa | ||
| 044 | _aag | ||
| 082 | 0 | _a335.41 136v2 | |
| 245 | 1 | 0 | _aY en eso llegó Fidel |
| 260 |
_aBuenos Aires : _bPágina 12, _c2003. |
||
| 300 | _aCd-Rom (73 min.) : son. | ||
| 505 | 0 | _aContiene el audio del discurso que Fidel Castro pronunció en las escalinatas de la Facultad de Derecho de la Universidad de Buenos Aires el lunes 26 de mayo de 2003. | |
| 650 | 4 | _aASPECTOS POLITICOS | |
| 650 | 4 | _aASPECTOS SOCIALES | |
| 650 | 4 | _aCAPITALISMO | |
| 650 | 4 | _aCOMUNISMO | |
| 650 | 4 | _aCUBA | |
| 650 | 4 | _aENSEÑANZA DE LA MEDICINA | |
| 650 | 4 | _aESTADOS UNIDOS | |
| 650 | 4 | _aGOBIERNO | |
| 650 | 4 | _aIDEOLOGIAS POLITICAS | |
| 650 | 4 | _aIMPERIALISMO | |
| 650 | 4 | _aJEFES DE ESTADO | |
| 650 | 4 | _aLIDERAZGO POLITICO | |
| 650 | 4 | _aMARXISMO | |
| 650 | 4 | _aMEDICOS | |
| 650 | 4 | _aMORTALIDAD INFANTIL | |
| 650 | 4 | _aSALUD PUBLICA | |
| 650 | 4 | _aSOCIALISMO | |
| 653 | _aCASTRO, FIDEL | ||
| 653 | _aGUEVARA, ERNESTO | ||
| 710 | 2 | _aPágina 12 (Buenos Aires) | |
| 905 | _a37406 | ||
| 942 | _cCDDVD | ||
| 999 |
_c53364 _d53364 |
||